| 000 | 00378nam a2200133Ia 4500 | ||
|---|---|---|---|
| 008 | 250604s9999 xx 000 0 und d | ||
| 082 | _a891.439 RAH | ||
| 100 | _aRaheem Ud Din, Saqiba | ||
| 245 | 0 | _aTaroon Bhara Aasmaan (تاروں بھرا آسمان) | |
| 260 |
_aRawalpindi: _bPeep Board Printers Pvt. Ltd., _c2004 |
||
| 300 | _a802p. | ||
| 600 | _aLiterature | ||
| 942 | _cGB | ||
| 999 |
_c31367 _d31367 |
||